000 00860nam a22003257a 4500
001 BR0806677
003 BR-BrBNA
005 20230928102733.0
007 ta
008 230509b bl.||||| |||| 00| 0 por d
040 _aBR-BrBNA
_bpor
_cBiblioteca Nacional de Agricultura
041 _a(Por)
072 _aP06
_b0312
090 _ 0312 BR0806677
100 1 _aVeiga, A.S.
245 1 _aA cultura do dendê como opção para o seqüestro do carbono na Amazônia
260 3 _aSanta Bárbara, PA (Brasil):
_c1999.
300 _a26 p.
650 _aDENDÊ
650 _aCARBONO
650 _aREDUÇÃO
650 _aRECURSO NATURAL
650 _aENERGIA
650 _aPRESERVAÇÃO DA NATUREZA
650 _aREFLORESTAMENTO
650 _aENERGIA EÓLICA
650 _aENERGIA SOLAR
909 _a202309
_bLucia
_c55
_dLucia Elande
942 _cBK
999 _c72268
_d72268